The Edge of the Union (Record no. 576363)

MARC details
000 -LEADER
fixed length control field 01264nam a2200169Ia 4500
008 - FIXED-LENGTH DATA ELEMENTS--GENERAL INFORMATION
fixed length control field 250718s9999 xx 000 0 und d
020 ## - INTERNATIONAL STANDARD BOOK NUMBER
ISBN 9780198279761
082 ## - DEWEY DECIMAL CLASSIFICATION NUMBER
Classification number 941.60824
Item number BRU
100 ## - MAIN ENTRY--AUTHOR NAME
Personal name Bruce, Steve
245 #4 - TITLE STATEMENT
Title The Edge of the Union
260 ## - PUBLICATION, DISTRIBUTION, ETC. (IMPRINT)
Name of publisher OUP Oxford
Year of publication 1994
300 ## - PHYSICAL DESCRIPTION
Number of Pages 176 pages
500 ## - GENERAL NOTE
General note On the twenty-fifth anniversary of the Northern Ireland `Troubles', Ulster's once dominant unionists are an increasingly alienated people. In this timely assessment of the prospects for peace, Steve Bruce examines the embittered world-view of two key sections of Ulster unionism: the loyalist terrorists and the evangelical supporters of Ian Paisley. To get to the heart of the unionist position Bruce asks how they see the last twenty-five years, what they want from the future, what they think they will get, what they will accept, and what they will fight to oppose. He describes the Troubles as a deeply entrenched ethnic conflict. He argues that a failure to appreciate the strength of Loyalist identity has prevented a proper understanding of the Troubles and that continued neglect of the majority makes strategies for peace pointless or counter-productive.
650 ## - SUBJECT ADDED ENTRY--TOPICAL TERM
Topical Term Northern Ireland
942 ## - ADDED ENTRY ELEMENTS (KOHA)
Koha item type English Books
Holdings
Withdrawn status Lost status Damaged status Not for loan Home library Current library Shelving location Date acquired Full call number Accession Number Price effective from Koha item type
        Anna Centenary Library Anna Centenary Library 7TH FLOOR, B WING 18.07.2025 941.60824 BRU 199222 18.07.2025 English Books

Find us on the map